| 000 | 00673nam a2200253Ia 4500 | ||
|---|---|---|---|
| 003 | OSt | ||
| 005 | 20221005072952.0 | ||
| 006 | a|||||r|||| 00| 0 | ||
| 007 | ta | ||
| 008 | 221004b |||||||| |||| 00| 0 eng d | ||
| 020 | _a8171707769 (hbk) | ||
| 024 | _a122110 | ||
| 037 |
_bGift, 16/10/2012, _cTextual |
||
| 040 |
_aCRL _cCRL _beng |
||
| 041 |
_2eng _aeng |
||
| 082 | _aR414, N7 | ||
| 100 | _aWalzer Michael | ||
| 245 | 0 | _aOn toleration | |
| 260 |
_aNew Delhi _bFrank Bros.& Co India _c1997 |
||
| 300 |
_axiii,126p. _ccm. |
||
| 650 | _aPHILOSOPHY | ||
| 942 |
_hR414, N7 _cTEXL _2cc |
||
| 999 |
_c980315 _d980315 |
||